000 00669nam a2200277Ia 4500
005 20260324125826.0
008 008 260324s9999 xx 000 0 eng d
020 _a9780429134135
037 _aEBOOK
040 _aCRL
040 _beng
040 _cCRL
041 _2eng
041 _aeng
084 _qCRL
100 _aMicki Krause; Harold F. Tipton
_91176814
245 0 _aInformation Security Management Handbook, Volume 2
260 _bTaylor and Francis
260 _c2008
365 _a
365 _b275
856 _uhttp://www.taylorfrancis.com/books/9780429134135
942 _cEBOOK
999 _c1775057
_d1775057